00378nam a22001457a 4500003000400000005001700004008004100021020001800062040002200080082001500102100002900117245001600146260005200162300001800214OSt20220916161121.0220916b |||||||| |||| 00| 0 eng d a0-7347-6321-2 cBiblioteca Lado V a708bL989d aLynn, Victoriaecuradora aDeep Space/ aAustraliabArt Gallery of New South Walesc2001 a80p.c21x26cm